|
|
|
|
| LEADER |
00000nab a2200000 a 4500 |
| 001 |
vtls000033438 |
| 003 |
SK-MaSNL |
| 005 |
20260303200751.0 |
| 008 |
111103c1979 xo 0 slo |
| 015 |
|
|
|a SNBRB19rr/mm-uuuuu
|
| 035 |
|
|
|a CL0043532
|
| 040 |
|
|
|a SNKBUCL
|b slo
|c SNKBUCL
|e AACR2
|
| 041 |
0 |
|
|a slo
|
| 044 |
|
|
|a xo
|c SK
|
| 080 |
|
|
|a 631.1
|2 1981
|
| 100 |
1 |
|
|a Hrmo, Valér,
|d 1934-1990
|4 aut
|9 159200
|
| 245 |
1 |
0 |
|a Požiadavky na kvalifikačný profil a štýl práce vedúcich pracovníkov socialistických poľnohospodárskych podnikov
|c Valér Hrmo
|
| 650 |
0 |
7 |
|a poľnohospodárske podniky
|2 snkbucl
|9 4194
|
| 650 |
0 |
7 |
|a riadenie
|2 snkbucl
|9 924
|
| 650 |
0 |
7 |
|a vedúci pracovníci
|2 snkbucl
|9 59720
|
| 655 |
|
7 |
|a články z novín a časopisov
|2 snkbucl
|9 267496
|
| 773 |
0 |
|
|t Informácie MPVž SSR
|g Roč. 7, č. 7 (1979), s. 28-30
|
| 850 |
|
|
|a Slovenská národná knižnica v Martine
|a MTA001
|
| 852 |
|
|
|a SNK
|b KIS3GCP
|
| 958 |
|
|
|a RK
|
| 992 |
|
|
|a RBX
|
| 999 |
|
|
|c 2169621
|d 2171551
|